000 01025pam a2200313 a 4500
001 4397610
003 OSt
005 20140310184259.0
008 921103s1993 nyua j 000 1 eng
010 _a 92041523
020 _a0670847720 :
_c$11.99
040 _aDLC
_cDLC
_dDLC
042 _alcac
050 0 0 _aPZ 7
_b.K6797So 1999
100 1 _aKline, Suzy.
_922979
245 1 0 _aSong Lee in Room 2B /
_cSuzy Kline ; pictures by Frank Remkiewicz.
260 _aNew York :
_bViking,
_c1999.
300 _a56 p. :
_bill. ;
_c21 cm.
521 _aG2
526 _c470
650 1 _aSchools
_xFiction.
_922980
650 1 _aKorean Americans
_xFiction.
_922981
700 1 _aRemkiewicz, Frank,
_eill.
_922982
906 _a7
_bcbc
_corignew
_d1
_eocip
_f19
_gy-gencatlg
942 _2lcc
_cBK-SCHOLAS
999 _c33440
_d33440